书目信息 |
| 题名: |
海底观测新技术
|
|
| 作者: | 张伙带 , 韩冰 , 刘丽强 编著 | |
| 分册: | ||
| 出版信息: | 北京 海洋出版社 2019 |
|
| 页数: | 190页 | |
| 开本: | 26cm | |
| 丛书名: | 深远海创新理论及技术学应用丛书 | |
| 单 册: | ||
| 中图分类: | P229.1 | |
| 科图分类: | ||
| 主题词: | 海底测量--Hai Di Ce Liang | |
| 电子资源: | ||
| ISBN: | 978-7-5027-9925-0 | |
| 000 | 01436nam0 2200337 450 | |
| 001 | 012001003772 | |
| 005 | 20131105155055.0 | |
| 010 | @a978-7-5027-9925-0@dCNY90.00 | |
| 099 | @aCAL 012019077071 | |
| 100 | @a20190614d2019 em y0chiy50 ea | |
| 101 | 0 | @achi |
| 102 | @aCN@b110000 | |
| 105 | @aabk a 000yy | |
| 106 | @ar | |
| 200 | 1 | @a海底观测新技术@Ahai di guan ce xin ji shu@f张伙带, 韩冰, 刘丽强等编著 |
| 210 | @a北京@c海洋出版社@d2019 | |
| 215 | @a190页@c彩图, 地图@d26cm | |
| 225 | 2 | @a深远海创新理论及技术学应用丛书@AShen Yuan Hai Chuang Xin Li Lun Ji Ji Shu Xue Ying Yong Cong Shu |
| 300 | @a国家出版基金项目 “十三五”国家重点出版物出版规划项目 国家出版基金项目 | |
| 312 | @a封面英文题名:A new technology: submarine observation network | |
| 320 | @a有书目 (第186-189页) | |
| 330 | @a本书作者通过收集和研读海底观测的大量资料,并进行分析整理和归纳总结,用简单易懂的语言系统地概括了多种海底观测手段,配以大量精美的插图。内容主要涉及多种海底观测手段的发展和应用,包括遥控式无人深潜器、载人深潜器、海底观测网络、深海空间站等等。 | |
| 410 | 0 | @12001 @a深远海创新理论及技术学应用丛书 |
| 510 | 1 | @aNew technology: submarine observation network@zeng |
| 606 | 0 | @a海底测量@AHai Di Ce Liang |
| 690 | @aP229.1@v5 | |
| 701 | 0 | @a张伙带@Azhang huo dai@4编著 |
| 701 | 0 | @a韩冰@Ahan bing@4编著 |
| 701 | 0 | @a刘丽强@Aliu li qiang@4编著 |
| 801 | 0 | @aCN@b上海新华@c20191020 |
| 905 | @b1206590-3@dP229.1@e329@f4 | |
| 海底观测新技术/张伙带, 韩冰, 刘丽强等编著.-北京:海洋出版社,2019 |
| 190页:彩图, 地图;26cm.-(深远海创新理论及技术学应用丛书) |
| 国家出版基金项目 “十三五”国家重点出版物出版规划项目 国家出版基金项目 |
| ISBN 978-7-5027-9925-0:CNY90.00 |
| 本书作者通过收集和研读海底观测的大量资料,并进行分析整理和归纳总结,用简单易懂的语言系统地概括了多种海底观测手段,配以大量精美的插图。内容主要涉及多种海底观测手段的发展和应用,包括遥控式无人深潜器、载人深潜器、海底观测网络、深海空间站等等。 |
| ● |
| 相关链接 |
|
|
|
|
正题名:海底观测新技术
索取号:P229.1/329
 
预约/预借
| 序号 | 登录号 | 条形码 | 馆藏地/架位号 | 状态 | 备注 |
| 1 | 1206590 | 212065904 | 第二样本阅览室/ [索取号:P229.1/329] | 在馆 | |
| 2 | 1206591 | 212065913 | 第三借阅区/ [索取号:P229.1/329] | 在馆 | |
| 3 | 1206592 | 212065922 | 第三借阅区/ [索取号:P229.1/329] | 在馆 | |
| 4 | 1206593 | 212065931 | 第三借阅区/ [索取号:P229.1/329] | 在馆 |